00487nam a2200169Ia 4500003000900000008004100009020001800050040001600068080001600084100001700100245008600117260003600203300001000239650004100249650001400290650001300304IN-BaIIA211028s9999 xx 000 0 eng d a0-460-04286-6 cIIA Library a524.83bDAV aDavies, Paul 4aThe runaway universecPaul Davies  aLondonbJ. M. Dent & Sonsc1978 a205p. aAstronomy and astrophysics thesaurus aCosmology aUniverse